Thomas Hardy Novels Quiz Stats

 Plays Quiz Updated Mar 12, 2020

Support Sporcle.
Go Orange.
Score 0/14 Timer 07:00
0 Plays Today
Year Novel % Correct
1891Tess of the d'Urbervilles
80.3%
1895Jude the Obscure
75.3%
1874Far From the Madding Crowd
70.8%
1886The Mayor of Casterbridge
67%
1878The Return of the Native
50.2%
1872Under the Greenwood Tree
37.8%
1887The Woodlanders
34.8%
Year Novel % Correct
1873A Pair of Blue Eyes
31.2%
1880The Trumpet-Major
25.7%
1882Two on a Tower
20.7%
1871Desperate Remedies
19.2%
1881A Laodicean
16.2%
1897The Well-Beloved
16.2%
1876The Hand of Ethelberta
15.6%

From the Vault

Pokémon (Gen V)

by BluePikmin

Gaming 12m
As soon as you catch 'em all, they just invent more to catch.
Remove Ads.
Support Sporcle.
Get the best of Sporcle when you Go Orange. This ad-free experience offers more features, more stats, and more fun while also helping to support Sporcle. Thank you for becoming a member.

Show Comments

Extras

Top Quizzes Today


Score Distribution

Your Account Isn't Verified!

In order to create a playlist on Sporcle, you need to verify the email address you used during registration. Go to your Sporcle Settings to finish the process.

Report this User

Report this user for behavior that violates our Community Guidelines.

Details: